Ricostruisci la Carriera del Calciatore - Andrea Barzagli - Statistics

Statistiche generali
  • Questo quiz è stato fatto 37 volte
  • Il punteggio medio è 5 su 8
Statistiche sulle risposte
Hint Risposta % Corretto
2011-2019 Juventus
89%
2008-2011 Wolfsburg
79%
1998-2000 Rondinella Impruneta
75%
2000-2001 Pistoiese
68%
2004-2008 Palermo
64%
2003-2004 Chievo
57%
2001-2003 Ascoli
54%
2001 Rondinella Impruneta
18%
Nessun quiz corrispondente trovato
Distribuzione punteggi
Percentuale di utenti per punteggio
Percentile per numero di risposta
I tuoi punteggi nel tempo
Non hai fatto questo quiz